LEADER 01454nam a2200229 i 4500 001 000000184398 003 CaOOAMICUS 005 20100107000000.0 008 100107s1954 sp u000 u mul u 013 $a162378 040 $aSeMil$bita 100 1 $aGarcia, Felix.$0(OLS)http://semarc/name/67751 245 10$aTratados morales :$bDel bien del matrimonio. Sobre la santa virginidad. Del bien de la viudez. De la continencia. Sobre la paciencia. El combate cristiano. Sobre la mentira. Contra la mentira. Del trabajo de los monjes. El sermón de la montaña /$cFelix Garcia ; Lope Cilleruelo ; Ramiro Florez. 300 $aXV, 995 p. 490 0 $aBiblioteca de autores cristianos 700 1 $aFlorez, Ramiro.$0(OLS)http://semarc/name/67752 700 1 $aCilleruelo, Lope .$0(OLS)http://semarc/name/6171 773 0 $aGarcía, Felix $tObras de San Agustin.$dMadrid : Biblioteca de autores cristianos, 1953-1967.$kBiblioteca de autores cristianos$gTomo12$w()22694 830 0$aBiblioteca de autores cristianos.$0(OLS)http://semarc/title/428 850 $aSeMil 852 $aSeMil$W1$xVenegono$y1$m2S V 28$j135094$B135094$CSeMilBibl$Z2$F146721 $81 996 $6245$aTratados morales :$bDel bien del matrimonio. Sobre la santa virginidad. Del bien de la viudez. De la continencia. Sobre la paciencia. El combate cristiano. Sobre la mentira. Contra la mentira. Del trabajo de los monjes. El sermón de la montaña$9(OLS)http://semarc/title/264672 LEADER 01042nam a2200253 i 4500 001 000000123172 003 CaOOAMICUS 005 20040217000000.0 008 040217s1980 it u000 u mul u 013 $a95868 040 $aSeMil$bita 100 1 $aCrespi, Giuseppe Maria,$d<1665-1747>.$0(OLS)http://semarc/name/51172 245 10$aGiuseppe Maria Crespi /$cMira Merriman Pajes. 260 $aMilano :$bRizzoli,$ccopyr. 1980. 300 $a573 p. :$briccamente ill. ;$c32 cm. 500 $aContiene : Bibliografia. - Esemplare n. 732 di 2000. - Fondo Card. C.M. Martini. 600 14$aCrespi, Giuseppe Maria <1665-1747>.$0(OLS)http://semarc/subject/23480 700 1 $aMerriman, Mira Pajes.$0(OLS)http://semarc/name/51173 850 $aSeMil 852 $aSeMil$W1$xVenegono$y1$m5L IX 24$j77957$B77957$CSeMilBibl$Z2$F80106 $8I 941 1 $a4 961 $aOmaggio: Martini Card. Carlo Maria 996 $6245$aGiuseppe Maria Crespi$9(OLS)http://semarc/title/181251 996 $6260$aMilano :$bRizzoli$9(OLS)http://semarc/publisher/29824